000
00209nam a22000857a 4500
001
1236290
005
20251001153233.0
245
_a
AYDEDE HER YERDE
_c
HACER KILCIOĞLU
260
_b
GÜNIŞIĞI KİTAPLIĞI YAYINLARI
999
_c
1236290
_d
1236290